<?xml version="1.0" encoding="UTF-8"?>
<marc:record xmlns:marc="http://www.loc.gov/MARC21/slim">
   <marc:leader>00000nam a2200000 a 4500</marc:leader>
   <marc:datafield ind1="1" ind2=" " tag="100">
      <marc:subfield code="a">Hunter, Erin</marc:subfield>
      <marc:subfield code="4">aut</marc:subfield>
      <marc:subfield code="e">Verfasser/-in</marc:subfield>
   </marc:datafield>
   <marc:datafield ind1=" " ind2=" " tag="653">
      <marc:subfield code="a">Tierfantasy</marc:subfield>
   </marc:datafield>
   <marc:datafield ind1="0" ind2="0" tag="245">
      <marc:subfield code="a">Warrior Cats - der Ursprung der Clans. Der Sternenpfad</marc:subfield>
   </marc:datafield>
   <marc:datafield ind1="0" ind2="0" tag="245">
      <marc:subfield code="c">Erin Hunter</marc:subfield>
   </marc:datafield>
   <marc:datafield ind1=" " ind2="1" tag="264">
      <marc:subfield code="a">Weinheim</marc:subfield>
      <marc:subfield code="b">Beltz</marc:subfield>
      <marc:subfield code="c">2016</marc:subfield>
   </marc:datafield>
   <marc:datafield ind1="1" ind2=" " tag="490">
      <marc:subfield code="a">Warrior Cats</marc:subfield>
   </marc:datafield>
   <marc:datafield ind1=" " ind2=" " tag="250">
      <marc:subfield code="a">1. Aufl.</marc:subfield>
   </marc:datafield>
   <marc:datafield ind1="1" ind2=" " tag="520">
      <marc:subfield code="a">Nach mondelangen Auseinandersetzungen haben sich die Katzen in fünf Lager aufgeteilt. Das neue Bündnis wird auf eine harte Probe gestellt, als der gefährliche Streuner Schlitzer ein Kätzin aus dem Waldlager entführt.&lt;br/&gt;Wolkenhimmel versucht verzweifelt, die Gefangene aus den Klauen des brutalen Streuners Schlitzer zu befreien. Doch er merkt schnell, dass er es nicht alleine schaffen kann. Er muss die Anführer der anderen Lager um Hilfe bitten. Großer Schatten, Windläufer, Donner und Strömender Fluss wollen Wolkenhimmel zunächst nicht unterstützen - aber als Schlitzer immer unverfrorenere Forderungen stellt, halten die Katzen aus den fünf Lagern zusammen und die Prophezeiung der Geisterkatzen hat sich endlich erfüllt.</marc:subfield>
   </marc:datafield>
   <marc:datafield ind1=" " ind2=" " tag="020">
      <marc:subfield code="a">9783407821751</marc:subfield>
      <marc:subfield code="9">9783407821751</marc:subfield>
   </marc:datafield>
   <marc:datafield ind1=" " ind2=" " tag="041">
      <marc:subfield code="a">ger</marc:subfield>
   </marc:datafield>
   <marc:datafield ind1="0" ind2=" " tag="490">
      <marc:subfield code="v">V, 6</marc:subfield>
   </marc:datafield>
   <marc:datafield ind1="1" ind2=" " tag="521">
      <marc:subfield code="a">0</marc:subfield>
   </marc:datafield>
   <marc:datafield ind1=" " ind2=" " tag="300">
      <marc:subfield code="a">341 Seiten</marc:subfield>
   </marc:datafield>
</marc:record>
